The Legend Of Zelda: Skyward Sword Dowsing Items - Statistics

General Stats
  • This quiz has been taken 17 times
  • The average score is 8 of 19
Answer Stats
Type Location Dowsing Item % Correct
Main Quest Sealed Grounds Zelda
100%
Extra Eldin Volcano Goddess Cubes
62%
Extra --- Hearts
62%
Main Quest Faron Woods Kikwis
62%
Side Quest Fun Fun Island Party Wheel
54%
Extra Eldin Volcano Rupees
54%
Extra Skyloft Treasure
54%
Main Quest Eldin Volcano Earth Temple Key
46%
Extra Skyloft Gratitude Crystals
38%
Main Quest Pirate Stronghold Skipper's Ship
31%
Main Quest Isle Of Songs/Levias Trial Gate
31%
Side Quest Skyloft Crystal Ball
23%
Side Quest Skyloft New Plant Species
23%
Main Quest Lake Floria Sacred Water
23%
Main Quest Volcano Summit Water Basin
23%
Main Quest Skyloft Windmill Propeller
23%
Main Quest Lanayru Desert Power Generators
15%
Side Quest Pumpkin Landing Pumpkin Patch Plower
15%
Main Quest Faron Woods Tadtones
15%
No matching quizzes found
Score Distribution
Percent of People with Each Score
Percentile by Number Answered
Your Score History
You have not taken this quiz